States of India - Statistics

General Stats
  • This quiz has been taken 7 times
  • The average score is 29 of 32
Answers on the Map
Answers color-coded by a green-red scale on the quiz's map according to % correct below.
 
Answer Stats
Answer % Correct
Andaman And Nicobar Islands
100%
Andhra Pradesh
100%
Arunachal Pradesh
100%
Assam
100%
Bihar
100%
Chhattisgarh
100%
Goa
100%
Gujarat
100%
Himachal Pradesh
100%
Jammu and Kashmir
100%
Jharkhand
100%
Karnataka
100%
Kerala
100%
Ladakh
100%
Madhya Pradesh
100%
Maharashtra
100%
Odisha
100%
Punjab
100%
Rajasthan
100%
Sikkim
100%
Tamil Nadu
100%
Telangana
100%
Uttarakhand
100%
Uttar Pradesh
100%
West Bengal
100%
Haryana
67%
Lakshadweep
67%
Manipur
67%
Meghalaya
67%
Nagaland
67%
Tripura
67%
Mizoram
33%
No matching quizzes found
Score Distribution
Percent of People with Each Score
Percentile by Number Answered
Your Score History
You have not taken this quiz